[Event "Greifswald Ryck op 23rd"]
[Site "Greifswald"]
[Date "2022.07.10"]
[Round "7"]
[White "Eschrig, Immanuel"]
[Black "Petrova, Polina"]
[Result "0-1"]
[WhiteElo "1233"]
[BlackElo "1633"]
[PlyCount "64"]
[EventDate "2022.07.06"]
[EventType "swiss"]
[EventRounds "7"]
[EventCountry "GER"]
[SourceTitle "EXT 2023"]
[Source "ChessBase"]
[SourceDate "2022.10.05"]
[SourceVersion "1"]
[SourceVersionDate "2022.10.05"]
[SourceQuality "1"]

1. e4 c6 2. d4 d5 3. exd5 cxd5 4. Nf3 Nc6 5. Bd3 Bg4 6. c3 e6 7. 0-0 Bd6 8. h3 Bh5 9. Nbd2 Nf6 10. Re1 0-0 11. Nf1 a6 12. Bg5 b5 13. b3 Bxf3 14. Qxf3 b4 15. Bxf6 Qxf6 16. Qxf6 gxf6 17. c4 dxc4 18. Bxc4 Nxd4 19. Rad1 Bc5 20. Ne3 Rfd8 21. Ng4 Kg7 22. Rd3 h5 23. Ne3 f5 24. f4 Nc2 25. Rxd8 Rxd8 26. Re2 Nxe3 27. Bxa6 Ng4+ 28. Kf1 Rd1+ 29. Re1 Ne3+ 30. Ke2 Rxe1+ 31. Kxe1 Nxg2+ 32. Ke2 Nxf4+ 0-1

[Event "Greifswald Ryck op 23rd"]
[Site "Greifswald"]
[Date "2022.07.08"]
[Round "4"]
[White "Petrova, Polina"]
[Black "Petrova, Elizaveta1111"]
[Result "1/2-1/2"]
[WhiteElo "1633"]
[BlackElo "1716"]
[PlyCount "60"]
[EventDate "2022.07.06"]
[EventType "swiss"]
[EventRounds "7"]
[EventCountry "GER"]
[SourceTitle "EXT 2023"]
[Source "ChessBase"]
[SourceDate "2022.10.05"]
[SourceVersion "1"]
[SourceVersionDate "2022.10.05"]
[SourceQuality "1"]

1. d4 d5 2. c4 c6 3. Nc3 Nf6 4. Nf3 Bf5 5. e3 e6 6. cxd5 cxd5 7. Bd3 Bxd3 8. Qxd3 Nc6 9. 0-0 Bd6 10. Nb5 0-0 11. Nxd6 Qxd6 12. Bd2 Ne4 13. Rac1 Rac8 14. a3 Nxd2 15. Qxd2 a6 16. Rc2 h6 17. Rfc1 Ne7 18. Rxc8 Rxc8 19. Rxc8+ Nxc8 20. Qc3 Nb6 21. Ne5 Nd7 22. Nxd7 Qxd7 23. b4 b6 24. Qb3 Qa7 25. h3 a5 26. bxa5 Qxa5 27. Qb4 Qxb4 28. axb4 b5 29. Kf1 Kf8 30. Ke2 Ke7 1/2-1/2